|
|
|
|
| LEADER |
00000nab a2200000 a 4500 |
| 001 |
vtls000051593 |
| 003 |
SK-MaSNL |
| 005 |
20260304042527.0 |
| 008 |
250422c1980 xo 0 slo |
| 015 |
|
|
|a SNBRB19rr/mm-uuuuu
|
| 035 |
|
|
|a CL0061690
|
| 035 |
|
|
|a urn:nbn:sk:snk-ab6uor
|
| 035 |
|
|
|a (uuid)8980cb1f-8d27-4afd-a8bd-170f7aab53f6
|
| 035 |
|
|
|a (urnnbn)urn:nbn:sk:snk:ar-a05zf1
|
| 035 |
|
|
|a (sysno)vtls000051593
|
| 040 |
|
|
|a SNKBUCL
|b slo
|c SNKBUCL
|e AACR2
|
| 041 |
0 |
|
|a slo
|
| 044 |
|
|
|a xo
|c SK
|
| 080 |
|
|
|a 613.8
|2 1981
|
| 100 |
1 |
|
|a Kucek, P.
|4 aut
|9 1117083
|
| 245 |
1 |
0 |
|a Efekt psychoterapie na manželského partnera liečeného alkoholika
|c P. Kucek
|
| 650 |
0 |
7 |
|a alkoholici
|2 snkbucl
|9 4881
|
| 655 |
|
7 |
|a články z novín a časopisov
|2 snkbucl
|9 267496
|
| 773 |
0 |
|
|t Protialkoholický obzor
|g Roč. 15, č. 1 (1980), s. 37-38
|
| 850 |
|
|
|a Slovenská národná knižnica
|
| 852 |
|
|
|a Slovenská národná knižnica
|
| 954 |
|
|
|a odborná, vedecká literatúra pôvodná (slovenská)
|2 lita
|
| 958 |
|
|
|a article2022
|
| 958 |
|
|
|a RK
|
| 958 |
|
|
|a MI
|
| 958 |
|
|
|a OND
|
| 958 |
|
|
|a EUIPO
|
| 992 |
|
|
|a RBX
|
| 999 |
|
|
|c 2674875
|d 2676805
|